000 00301nam a22001217a 4500
040 _cRUA
082 _aRNA Fac 2014 C108 Or.
100 _aFACULTY OF VETERINARY MEDICINE
245 _aProgramme & Abstract Book,
260 _aPHNOM PENH
_bRUA
_c2014
300 _axxii,76p,
_bill,
_c29cm,
942 _cREC
999 _c25459
_d25459